| 000 | 01499nac a22002771u 4500 | ||
|---|---|---|---|
| 008 | 110517t xxu||||| |||| 00| 0 eng d | ||
| 010 | _a 2005047336 | ||
| 020 | _a0195179374 (pbk. : acid-free paper) | ||
| 020 | _a9780195179378 | ||
| 082 | 0 | 0 |
_a620.002855369 _bPRA |
| 100 |
_aPratap, Rudra, _923896 |
||
| 245 | 1 | 0 |
_aGetting Started with MATLAB 7 : _bA Quick Introduction for Scientists and Engineers / _cRudra Pratap. |
| 260 |
_aNew York : _bOxford University Press,2006. _c2006. |
||
| 300 |
_ax, 244 p. : _bill. ; _c24 cm. |
||
| 504 | _aIncludes bibliographical references (p. [235]) and index. | ||
| 511 | _aCatalogued By: Mahitab. | ||
| 650 | 0 |
_aScience _xData processing. _923897 |
|
| 650 | 0 |
_aEngineering mathematics _xData processing. _923898 |
|
| 653 | _bGen | ||
| 856 | 4 | 2 |
_3Publisher description _uhttp://www.loc.gov/catdir/enhancements/fy0636/2005047336-d.html |
| 856 | 4 | 2 |
_3Table of contents only _uhttp://www.loc.gov/catdir/enhancements/fy0636/2005047336-t.html |
| 856 | 4 | 2 |
_3Contributor biographical information _uhttp://www.loc.gov/catdir/enhancements/fy0723/2005047336-b.html |
| 942 |
_cBB _k620.002855369PRA _2ddc |
||
| 999 |
_c8600 _d8600 |
||